All's fair : (Record no. 4569)
[ view plain ]
| 000 -LEADER | |
|---|---|
| fixed length control field | 00661cam a2200193 a 4500 |
| 005 - DATE AND TIME OF LATEST TRANSACTION | |
| control field | 20250901165456.0 |
| 008 - FIXED-LENGTH DATA ELEMENTS--GENERAL INFORMATION | |
| fixed length control field | 940329s1994 nyuaf 001 0 eng |
| 010 ## - LIBRARY OF CONGRESS CONTROL NUMBER | |
| LC control number | 94010606 |
| 020 ## - INTERNATIONAL STANDARD BOOK NUMBER | |
| International Standard Book Number | 0679431039 : |
| Terms of availability | $24.00 ($33.50 Can.) |
| 050 00 - LIBRARY OF CONGRESS CALL NUMBER | |
| Classification number | E884 .M38 1994 |
| Item number | .M38 1994 |
| 082 00 - DEWEY DECIMAL CLASSIFICATION NUMBER | |
| Classification number | 324.973/0928 |
| Edition information | 20 |
| 100 1# - MAIN ENTRY--PERSONAL NAME | |
| Personal name | Matalin, Mary. |
| 245 10 - TITLE STATEMENT | |
| Title | All's fair : |
| Remainder of title | love, war, and running for president / |
| Statement of responsibility, etc. | Mary Matalin and James Carville, with Peter Knobler. |
| 250 ## - EDITION STATEMENT | |
| Edition statement | 1st trade ed. |
| 260 ## - PUBLICATION, DISTRIBUTION, ETC. | |
| Place of publication, distribution, etc. | New York : |
| Name of publisher, distributor, etc. | Random House : |
| -- | Simon & Schuster, |
| Date of publication, distribution, etc. | c1994. |
| 300 ## - PHYSICAL DESCRIPTION | |
| Extent | xii, 493 p., [16] p. of plates : |
| Other physical details | ill. ; |
| Dimensions | 25 cm. |
| 500 ## - GENERAL NOTE | |
| General note | Includes index. |
| 942 ## - ADDED ENTRY ELEMENTS (KOHA) | |
| Source of classification or shelving scheme | Library of Congress Classification |
| Withdrawn status | Lost status | Source of classification or shelving scheme | Damaged status | Not for loan | Home library | Current library | Shelving location | Date acquired | Total checkouts | Full call number | Barcode | Date last seen | Price effective from | Koha item type |
|---|---|---|---|---|---|---|---|---|---|---|---|---|---|---|
| Library of Congress Classification | Main Library | Main Library | 04/08/2021 | E884 .M38 1994 | PIU0004639 | 04/08/2021 | 04/08/2021 | Books |